header

A question of command (Record no. 43645)

MARC details
000 -LEADER
fixed length control field 01361nam a2200325Ia 4500
100 1# - MAIN ENTRY--AUTHOR NAME
Personal name Moyar, Mark,
245 12 - TITLE STATEMENT
Title A question of command
260 ## - PUBLICATION, DISTRIBUTION, ETC. (IMPRINT)
Place of publication New Haven :
Name of publisher Yale University Press,
Year of publication c2009.
300 ## - PHYSICAL DESCRIPTION
Number of Pages xviii, 347 p. :
Other physical details ports.
490 1# - SERIES STATEMENT
Series statement Yale library of military history
650 #0 - SUBJECT ADDED ENTRY--TOPICAL TERM
Topical Term Counterinsurgency
Topical Term Counterinsurgency
Topical Term Command of troops.
856 40 - ELECTRONIC LOCATION AND ACCESS
Uniform Resource Identifier http://site.ebrary.com/lib/rucke/Doc?id=10348392

No items available.

© 2026 Rongo University
Contact us: librarian | system librarian | Rongo university